Salles de NBA - Statistiques

Statistiques générales
  • Ce quiz a été pris 15 fois
  • Le résultat moyen est 9 sur 30
Statistiques - réponses
Ville Salle % Correct
New York City Madison Square Garden
90%
Los Angeles Crypto.com Arena
70%
Brooklyn Barclays Center
50%
San Francisco Chase Center
50%
Houston Toyota Center
50%
Denver Ball Arena
40%
Milwaukee Fiserv Forum
40%
Inglewood Intuit Dome
40%
Boston TD Garden
40%
Dallas American AIrlines Center
30%
Washington Capital One Arena
30%
Salt Lake City Delta Center
30%
Memphis FedEx Forum
30%
San Antonio Frost Bank Center
30%
Sacremento Golden 1 Center
30%
Miami Kaseya Center
30%
Orlando Kia Center
30%
Oklahoma City PayCom Center
30%
Toronto Scotiabank Arena
30%
Nouvelle Orléans Smoothie King Center
30%
Chicago United Center
30%
Détroit Little Caesars Arena
20%
Portland Moda Center
20%
Minneapolis Target Center
20%
Phoenix Footprint Center
10%
Cleveland Rocket Mortgage Fieldhouse
10%
Charlotte Spectrum Center
10%
Atlanta State Farm Arena
10%
Philadelphie Wells Fargo Center
10%
Indianapolis Gainbridge Fieldhouse
0%
Aucun quiz correspondant
Distribution des résultats
% des personnes avec chaque résultat
Percentile par nombre de réponses
Votre historique - résultats
Vous n’avez pas pris ce quiz